000 00852cam a2200277 a 4500
001 269
003 BR-CuiBMT
005 20231107170528.0
008 230914s2016 mgba 000 0 por d
020 _a9788545001508
040 _aBR-CuiBMT
_cBR-CuiBMT
080 _22007
_a34:336.2
090 _a34:336.2
_bR467c
100 1 _aRezende, Fernando
245 1 0 _aConflitos federativos :
_besperanças e frustrações - em busca de novos caminhos para a solução /
_cFernando Rezende.
260 _aBelo Horizonte :
_bFórum,
_c2016.
300 _a128 p. :
_bil. ;
_c22 cm
490 1 _aColeção Fórum IRB ;
_vv. 1
504 _aInclui bibliografia.
650 _aDireito tributário
650 _aDireito público
650 _aAdministração pública
650 _aFederalismo fiscal
830 0 _aColeção Fórum IRB ;
_v1
942 _2udc
_cLV
999 _c269
_d269